Normal view
MARC view
- Leaders
Entry Topical Term
001 - CONTROL NUMBER
- control field: 111691
003 - CONTROL NUMBER IDENTIFIER
- control field: NUST
005 - DATE AND TIME OF LATEST TRANSACTION
- control field: 20230404104700.0
008 - FIXED-LENGTH DATA ELEMENTS
- fixed length control field: 230404|| aca||aabn | a|a d
040 ## - CATALOGING SOURCE
- Original cataloging agency: NUST
- Transcribing agency: NUST
150 ## - HEADING--TOPICAL TERM
- Topical term or geographic name entry element: Leaders
670 ## - SOURCE DATA FOUND
- Source citation: Work cat.: (NUST)186182: Nixon, Richard, Leaders: , 1982
